00461nam a22001457a 4500020001800000082001700018100002700035245005100062260004400113300000800157650002300165942000700188952010300195999001700298 a9789558459065 a230.0464 PIE aPieris, Aloysius, S.J. aThe Genesis of an Asian Theology of Liberation aSri LankabTulana Research Centrec2013 a220 aTheology-Christian cBK 001040708NFICaHMIbHMIcGENd2021-10-25l0o230.0464 PIEp11004542r2026-01-16w2026-01-16yBK c23189d23189